Statystyki dla Polscy raperzy po opisie

Kliknij tutaj aby rozwiązać quiz!

Ogólne statystyki

  • Ten quiz został rozwiązany 1 095 razy
  • Średni wynik to 20 z 31

Statystyki odpowiedzi

HintOdpowiedź% Poprawnych
Młody raper, było o nim głośno przez utwór który wydał opowiadający o polskich liceach prywatnych.Mata
93%
Dredy na łbie, kiedyś ytber.Young Multi
89%
Nagrał hit lata 2018. Rockstar. Znany z palenia papierosów na klipach i koncetrach.White 2115
88%
Stworzył piosenkę "wiking".Sarius
83%
Założyciel SBM. Nagrał płytę "klub 27".Solar
83%
W piątki leży w wannie.Taco Hemingway
83%
Zyskał rozgłos dzięki projektowi "chillwagon".Qry
81%
Były reprezentant BORu. Nazywany młodym simbą.Szpaku
80%
Rapował kiedyś po niemieckuMalik montana
78%
Collabo dwóch topowych raperów. Połączyli ksywę w jedną.Taconafide
78%
Rzekomo stracił oko w wypadku. Dawny sprzedawca w Bigstar.Reto
74%
Wybił się dzięki jednej piosence z jego klubowej płyty.Tymek
74%
Bydgoski raper, na przestrzeni lat wiele razy zmieniał swój wygląd.Bedoes
73%
Założyciel BORu.Paluch
73%
Wrócił do stylówki z dawnych lat. Kiedyś szalony, dziś informatyk.Quebonafide
71%
Znany z freestylu. Nie zdał matury. Reprezentant Quequality.Filipek
66%
Młody raper który łączy polski i francuski język w swoich numerach.Kabe
64%
Jako pierwszy przebił barierę 100 milionów wyświetleń kawałkiem w polsce.Grubson
63%
Kiedyś listonosz, dziś raperKękę
60%
Nagrywa głównie piosenki letnie. Prawdopodobnie nigdy nie zdjął czapki gucci z głowy.Blacha 2115
58%
Reprezentant Quequality. Stworzył album Evil Things.Guzior
57%
Członek BORu. Nigdy w tytułach kawałków nie wpisuje swojej ksywy. Ma ksywę jak mistrz z star wars.Joda
55%
Uczestnik młode wilki 7. Znany z tego że potrafi nawinąć wiele zwrotek na jednym wdechu.Oki
55%
Często mylony z kobietą. Robi skkrt i jego kolega dotknął koleżankę siusiakiem.Young Igi
53%
Jeden z młodszych raperów. Wybił się dzięki numerowi "DVD"Schafter
50%
Były członek grupy "firma". Chudy chłopak.Kali
49%
Dzień dobry.Belmondo
44%
Hypeman Bedoesa.Kuqe 2115
41%
Raper i producent. Członek BOR, ma swój kanał NNJL.Gedz
35%
Nagrał "mała mi" i "chore jazdy".Kuban
30%
Nagrali kawałek "buty do wódy". Ich kanał nazywa się "X2".Dwa Sławy
26%

Rozkład punktacji

Percentyl według liczby udzielonych odpowiedzi

Procent ludzi z każdym wynikiem

Twoja historia wyników

Nie rozwiązałeś tego quizu